00713 2200253 4500001002100000005001500021035002000036007000300056008004100059020002200100082001100122084001700133100001900150245006600169250000900235260002900244300005700273700002000330600001300350990002400363990002400387990002400411990002400435INLIS00000000000259120260601020501 a0010-0320000011ta260601 0  a978-979-29-5923-9 a639.41 a639.41 ACH b0 aAchmd Sudrajat1 aBuku Pintar Bisnis dan Budi Daya Kekerangan /cAchmd Sudrajat aEd.1 a--Jakarta :bAndi,c2016 a112 hlm. :bilus. ;c23 cmeBibliografi, hlm 113-1180 aSigit Suyantoro 4aBudidaya a33.777/DAK/DPK/2019 a33.778/DAK/DPK/2019 a33.775/DAK/DPK/2019 a33.776/DAK/DPK/2019